Yıllık 2013 (Record no. 5965)

MARC details
000 -BAŞLIK
Sabit Uzunlukta Kontrol Alanı 00690na a2200253 4500
001 - KONTROL NUMARASI
Denetim Alanı 16806
003 - KONTROL NUMARASI IDENTIFIER
Denetim Alanı MIRAKIL
005 - SON İŞLEM TARİHİ VE ZAMANI
Denetim Alanı 20181213155052.0
008 - SABİT-BOY VERİ ELEMANLARI - GENEL BİLGİLER
Sabit Uzunlukta Kontrol Alanı 161013b tu 000 0
020 ## - ULUSLARARASI STANDART KİTAP NUMARASI
Uluslararası Standart Kitap Numarası 9786058548428
035 ## - SİSTEM KONTROL NUMARASI
Sistem Kontrol Numarası 16806
040 ## - KATALOGLAMA KAYNAK
Orijinal Kataloglama Ajansı Milas
Kataloglama Dili tur
Metne Dönüştürmek Ajansı TR-AnCHP
041 ## - DİL KODU
Metin / Ses Parça Veya Ayrı Başlığın Dil Kodu tur
082 ## - DEWEY ONLU SINIFLANDIRMA NUMARASI
Sınıflandırma Numarası 070.435
Ürün Numarası A52 2013
090 ## - SINIFLAMA NUMARASI
Sınıflama Numarası 070.435 A52 2013
110 ## - ANA GİRİŞ - KURUMSAL ADI
Giriş Elemanı Olarak Kurumsal Ad Veya Yargı Alanı Adı Anadolu Ajansı
245 ## - BAŞLIK TABLOSU
Başlık Yıllık 2013
Sorumluluk Tablosu, Vb Anadolu Ajansı
260 ## - YAYIN, DAĞITIM, VB
Yayın, Dağıtım, Vb Yeri İstanbul
Yayıncı, Dağıtıcı, Vs Adı Anadolu Ajansı
Yayın, Dağıtım, Vb Tarihi 2013
300 ## - FİZİKSEL TANIM
Kapsam 252, 8 s.
Diğer Fiziksel Ayrıntıları fotğ.
Boyutlar 29x29 sm.
490 ## - SERİSİ TABLOSU
Seri Beyanı Anadolu Ajansı Yayınları
Hacim / Ardışık Tanımı 18
650 ## - KONU KATMA GİRİŞ - TOPİKAL DÖNEM
Topikal Süreli Veya Coğrafi Ad Giriş Elemanı Basın
Genel Alt Bölümü Almanaklar
650 ## - KONU KATMA GİRİŞ - TOPİKAL DÖNEM
Topikal Süreli Veya Coğrafi Ad Giriş Elemanı Gazetecilik
Genel Alt Bölümü Haber ajansları
Kronolojik Alt Bölümü Yıllıklar
942 ## - EKLENDİ GİRİŞ ELEMANLARI (KOHA)
Sınıflandırma Veya Raf Düzeni Kaynak Dewey Decimal Classification
Koha Öğesi Türü Books
999 ## - SİSTEM KONTROL NUMARALARI (KOHA)
Koha Biblionumber 5965
Koha Biblioitemnumber 5965
Holdings
Kalıcı Konum Mevcut Konum Edinme Tarihi Edinim Kaynak Toplam Check-Out'Lar Tam Çağrı Numarası Barkod Tarih Son Görülme İtibaren Geçerli Fiyatlar Koha Öğesi Türü
CHP Kütüphanesi CHP Kütüphanesi 10/13/2016 Bağış   070.435 A52 2013 005734 10/13/2016 10/13/2016 Books